000 01120nab a2200217 i 4500
001 BPP
003 BPK
005 20160411142425.0
008 140428s1986 pl f |000 0 pol
040 _cBPK
080 _a691
100 _aHERMAN, Daniela.
_d1974 - 1996.
_bWyższa Szkoła Inżynierska w Koszalinie - Wydział Mechaniczny,
_cZakład Elektrotechniki i Elektrochemii
245 _aWłasności żużli pomiedziowych i kierunki ich wykorzystania /
_cDaniela Herman.
260 _c1989.
500 _aDane z autopsji.
520 _aW artykule przedstawiono jeden z możliwych kierunków wykorzystania granulatu żużla pomiedziowego jako surowca ceramicznego, szczególnie w aspekcie wykorzystania go jako składnika spoiw ceramiczynch. Stwierdzono, że wprowadzenie żużla pomiedziowego w miejsce fryty szklanej do zestawu spoiw wpływa bardzo korzystnie na własności mechaniczno-eksploatacyjne ceramicznych narzędzi ściernych.
650 0 _aŻużel.
650 0 _aSzlifowanie - narzędzia i maszyny.
773 _iW :
_tPowłoki ochronne. -
_gR.17, 1989, nr 1-2, s. 47-49
942 _cART
_2UKD
999 _c3544
_d3544